History Quiz

Random History or State Quiz
Score 0/29 Timer 03:00
0 Plays Today
% Correct
Kansas
90.2%
Indiana
90%
Illinois
89.8%
Iowa
89.5%
Minnesota
89.3%
Nebraska
88.5%
Michigan
88.4%
Missouri
87.7%
California
85.8%
Colorado
84.9%
Arkansas
84.2%
North Dakota
83.2%
Louisiana
82.7%
Texas
80.9%
Mississippi
80.2%
% Correct
South Dakota
80%
Montana
79.5%
Wisconsin
77.2%
Oregon
76.5%
Ohio
76.3%
Idaho
76.3%
Alabama
75.9%
Nevada
73.1%
Utah
71.7%
Washington
67.3%
Florida
66.1%
Wyoming
65.9%
West Virginia
62.8%
Maine
55.1%
Remove Ads.
Support Sporcle.
Get the best of Sporcle when you Go Orange. This ad-free experience offers more features, more stats, and more fun while also helping to support Sporcle. Thank you for becoming a member.

You're not logged in!

Compare scores with friends on all Sporcle quizzes.
OR
Log In

Show Comments

Extras

Top Quizzes Today


Score Distribution

Your Account Isn't Verified!

In order to create a playlist on Sporcle, you need to verify the email address you used during registration. Go to your Sporcle Settings to finish the process.

Report this User

Report this user for behavior that violates our Community Guidelines.

Details: